Statistics for SuperAutoPets Pack 1

Click here to take the quiz!

General Stats

  • This quiz has been taken 7 times
  • The average score is 23 of 58

Answer Stats

Hint2Answer% Correct
1Horse
100%
1Pig
100%
6Tiger
100%
1Cricket
80%
5Crocodile
80%
4Deer
80%
1Duck
80%
1Fish
80%
4Whale
80%
1Ant
60%
1Beaver
60%
4Bison
60%
6Cat
60%
6Dragon
60%
5Monkey
60%
1Otter
60%
4Parrot
60%
3Sheep
60%
2Swan
60%
5Turkey
60%
3Blowfish
40%
3Camel
40%
2Crab
40%
3Dolphin
40%
2Elephant
40%
6Fly
40%
4Hippo
40%
3Ox
40%
4Penguin
40%
3Rabbit
40%
5Rhino
40%
4Rooster
40%
4Skunk
40%
6Snake
40%
2Spider
40%
3Badger
20%
5Cow
20%
2Dodo
20%
3Dog
20%
2Flamingo
20%
3Giraffe
20%
2Hedgehog
20%
3Kangaroo
20%
1Mosquito
20%
2Peacock
20%
5Scorpion
20%
5Shark
20%
2Shrimp
20%
4Squirrel
20%
4Turtle
20%
6Boar
0%
6Gorilla
0%
6Jaguar
0%
6Mammoth
0%
2Rat
0%
5Seal
0%
3Snail
0%
4Worm
0%

Score Distribution

Percentile by Number Answered

Percent of People with Each Score

Your Score History

You have not taken this quiz